Ha nem, hát nem

Elmentve itt :
Bibliográfiai részletek
Szerző: LÁSZLÓFFY Aladár
Adatforrás:Meister
Forrásdokumentuma:A Hét. -
50 sz., 1997, 5 p.
Nyelv:magyar
Kulcsszavak:politikai publicisztika
multikulturalizmus
nyelvhasználati jog
LEADER 00394nab a2200145 i 4500
001 bibPRO00006982
008 060524s1997 xx hun
040 |a Sz1 
041 |a hun 
100 1 |a LÁSZLÓFFY Aladár 
245 1 0 |a Ha nem, hát nem  |c LÁSZLÓFFY Aladár 
695 |a politikai publicisztika 
695 |a multikulturalizmus 
695 |a nyelvhasználati jog 
773 0 |t A Hét. -  |g 50 sz., 1997, 5 p.